Statistics for Cities/Municipality of Manila

Click here to take the quiz!

General Stats

  • This quiz has been taken 10 times
  • The average score is 9 of 17

Answer Stats

HintAnswer% Correct
Quezon City
90%
Manila City
70%
Pasay
70%
Taguig
70%
Makati
60%
Navotas
60%
Malabon
50%
Muntinlupa
50%
Paranaque
50%
Pasig
50%
(Municipality)Pateros
50%
San Juan
50%
Valenzuela
50%
Caloocan
40%
Mandaluyong
40%
Marikina
30%
Las Pinas
20%

Score Distribution

Percentile by Number Answered

Percent of People with Each Score

Your Score History

You have not taken this quiz